The scarlet pimpernel / (Record no. 2422)

MARC details
000 -LEADER
fixed length control field 01235nam a22002537a 4500
001 - CONTROL NUMBER
control field 2422
003 - CONTROL NUMBER IDENTIFIER
control field FISKH
005 - DATE AND TIME OF LATEST TRANSACTION
control field 20231205142410.0
008 - FIXED-LENGTH DATA ELEMENTS--GENERAL INFORMATION
fixed length control field 231205b cb ||||| |||| 00| 0 eng d
020 ## - INTERNATIONAL STANDARD BOOK NUMBER
International Standard Book Number 9780008278762
040 ## - CATALOGING SOURCE
Original cataloging agency FISKH
Language of cataloging eng
Transcribing agency FISKH
Modifying agency FISKH
050 ## - LIBRARY OF CONGRESS CALL NUMBER
Classification number PR6029.R25
082 ## - DEWEY DECIMAL CLASSIFICATION NUMBER
Classification number 823.912
100 ## - MAIN ENTRY--PERSONAL NAME
Personal name Orczy, Baroness
245 ## - TITLE STATEMENT
Title The scarlet pimpernel /
Statement of responsibility, etc. Baroness Orczy
250 ## - EDITION STATEMENT
Edition statement This William Collins paperback edition published in Great Britain in 2018
260 ## - PUBLICATION, DISTRIBUTION, ETC.
Place of publication, distribution, etc. London :
Name of publisher, distributor, etc. William Collins,
Date of publication, distribution, etc. 2008
300 ## - PHYSICAL DESCRIPTION
Extent 316 pages :
Dimensions 18 cm
520 ## - SUMMARY, ETC.
Summary, etc. During the French Revolution a secret society of English gentlemen is formed by the enigmatic Scarlet Pimpernel, to rescue their fellow French nobility. Marguerite's brother is threatened by a Frenchman, who demands information on the Scarlet Pimpernel in return for her brother's safety. Marguerite makes the exchange only to discover that her boring fop of a husband is the Pimpernel himself! She follows him to France and so each proves themselves to the other what they really are.
521 8# - TARGET AUDIENCE NOTE
Target audience note 1140<br/>
Source Lexile <br/>
650 ## - SUBJECT ADDED ENTRY--TOPICAL TERM
Topical term or geographic name entry element Life and time
Form subdivision Historical fiction
650 ## - SUBJECT ADDED ENTRY--TOPICAL TERM
Topical term or geographic name entry element Glossary of Classic
Form subdivision Historical fiction
942 ## - ADDED ENTRY ELEMENTS (KOHA)
Source of classification or shelving scheme Dewey Decimal Classification
Koha item type Books
Suppress in OPAC No
Holdings
Withdrawn status Lost status Source of classification or shelving scheme Damaged status Not for loan Collection Home library Current library Shelving location Date acquired Total Checkouts Full call number Barcode Date last seen Price effective from Koha item type
    Dewey Decimal Classification     Fiction Footprints International School Library Network Toul Kork Campus Footprints International School Library Network Toul Kork Campus   12/05/2023   ORC Fic PR6029.R25 FISSE03318 12/05/2023 12/05/2023 Books